Municipios más poblados de la comunidad de Madrid - Estadísticas

Estadísticas generales
  • Esta prueba ha sido intentada 623 veces
  • La puntuación promedio es 12 de 15
Estadísticas de respuestas
Población Ciudad % Correcto
3.266.126 Madrid
99%
183.374 Getafe
95%
209.184 Móstoles
93%
189.861 Leganés
92%
195.649 Alcalá de Henares
88%
170.514 Alcorcón
87%
193.700 Fuenlabrada
86%
117 040 Alcobendas
77%
130 124 Parla
74%
89 276 San Sebastián de los Reyes
69%
131 376 Torrejón de Ardoz
69%
86 422 Pozuelo de Alarcón
66%
95.814 Las Rozas
65%
88 150 Rivas Vaciamadrid
60%
81 661 Coslada
57%
No se encontraron pruebas coincidentes
Distribución de puntuación
Porcentaje de gente con cada puntuación
Porcentaje por número respondido
Historial de tus puntuaciones
No has intentado esta prueba.